000 00414nam a2200169 a 4500
001 18962
005 20180713212333.0
008 140415s1945 000 0 spa d
041 _aspa
082 _a946.03
_bWAL
100 1 _aWALSH, W. T.
245 1 0 _aISABEL LA CRUZADA
260 _a[s.l.] :
_bESPASA-CALPE,
_c1945
300 _a230
490 _aAUSTRAL
_v504
650 1 4 _aESPAA
_xHISTORIA
999 _c18962
_d18962